[Event "Fall Chess Classic-A 2018"]
[Site "Saint Louis"]
[Date "2018.10.18"]
[Round "9"]
[White "Lenderman, Aleksandr"]
[Black "Akobian, Varuzhan"]
[Result "1-0"]
[WhiteElo "2626"]
[BlackElo "2641"]
[Annotator "TA"]
[PlyCount "69"]
[EventDate "2018.10.10"]
[EventType "tourn"]
[EventCountry "USA"]
[SourceTitle "playchess.com"]
[Source "ChessBase"]
[SourceQuality "1"]

{[%evp 12,69,32,27,24,31,33,29,35,-7,29,34,54,60,38,41,38,19,22,12,41,43,43,42,36,41,34,42,52,24,12,0,47,35,45,52,52,58,59,26,18,0,0,0,0,0,0,0,29,56,153,136,158,8,60,0,37,53,1139,1119]} 1. Nf3 Nf6 2. c4 e6 3. Nc3 d5 4. e3 c5 5. cxd5 exd5 6. Bb5+ {A17: English Opening: 1...Nf6 with ...Bb4} (6. d4 Nc6 7. Bb5 cxd4 8. exd4 Bd6 9. Bg5 Be6 10. O-O O-O 11. Re1 Rc8 12. Ne5 h6 13. Bh4 g5 14. Bg3 Ne7 15. Nd7 Bxd7 16. Bxd6 Re8 17. Qf3 Nf5 18. Be5 Ne4 19. Bxd7 Qxd7 20. Nxd5 {1-0 (20) Mamedyarov,S (2801)-Anand,V (2768) Saint Louis 2018}) 6... Bd7 7. Bxd7+ {LiveBook: 5 Games} Qxd7 8. O-O {White has an edge.} Nc6 9. d4 c4 10. Bd2 $146 ({Predecessor:} 10. Ne5 Qc7 11. f4 Bb4 12. Qa4 Bxc3 13. bxc3 O-O 14. Qc2 {½-½ (14) Simonova,T (1943)-Kogan,A (2150) Cheliabinsk 2010}) 10... Bb4 11. Ne5 Qe7 12. Nxc6 bxc6 13. Qa4 Rc8 14. e4 Bxc3 15. Bxc3 {[#] Hoping for exd5.} dxe4 16. Bb4 Qe6 17. Qxa7 Nd5 18. Bc5 h5 19. Rae1 Rh6 20. f3 e3 21. f4 Qd7 {aiming for ...Qxa7.} 22. Qa6 f5 23. Qxc4 {Rxe3+! is the strong threat.} Re6 24. a4 Ra8 25. Qe2 g6 26. Ra1 Kf7 27. g3 h4 28. a5 hxg3 29. hxg3 Rh8 30. a6 Kf6 {[#]} (30... Ree8 $14) 31. Kg2 $1 $16 Ree8 ({Don't go for} 31... Qh7 $2 32. Rh1) 32. a7 ({White must play} 32. Rh1 $16) 32... Qe6 $1 $11 33. Rf3 ({White should try} 33. Rae1 $14) 33... Qe4 34. Bd6 Ra8 $2 {[%mdl 8192]} (34... Ke6 $14 35. Be5 Rh7) 35. Be5+ {Precision: White = 58%, Black = 45%.} 1-0